| 000 | 00933nam a22002297a 4500 | ||
|---|---|---|---|
| 008 | 110919s2009 nyu|||||r|||| 001 0 eng d | ||
| 020 | _a0071596771 | ||
| 020 | _a9780071596770 | ||
| 082 |
_222 _a616.025 _bNAY |
||
| 100 |
_927248 _aNayduch, Donna |
||
| 245 |
_aTrauma Care / _cDonna Nayduch |
||
| 260 |
_aNew York : _bMcGraw-Hill Medical, 2009. _c2009 |
||
| 300 |
_a xviii, 622 p. : _b ill. ; _c19 cm. |
||
| 490 |
_927249 _aNurse to Nurse |
||
| 500 | _a "Expert interventions"--Cover. | ||
| 504 | _a Includes bibliographical references and index. | ||
| 650 |
_912129 _aEmergency nursing _vHandbooks _xMethods |
||
| 650 |
_923534 _aEmergency medicine. _vHandbooks _xMethods |
||
| 653 |
_bNUR _cSeptember2011 |
||
| 942 |
_2ddc _cNRB |
||
| 999 |
_c16052 _d16052 |
||